Ocho días en Tánger (Record no. 160420)

MARC details
000 -LEADER
campo de control de longitud fija 00944nam a2200205 i 4500
001 - NÚMERO DE CONTROL
campo de control 160420
003 - IDENTIFICADOR DE NÚMERO DE CONTROL
campo de control ES-MaACL
005 - FECHA Y HORA DE LA ÚLTIMA TRANSACCIÓN
campo de control 20250907063122.0
008 - DATOS DE LONGITUD FIJA--INFORMACIÓN GENERAL
campo de control de longitud fija 010814s1891 sp |||| |dspa d
080 ## - NÚMERO DE LA CLASIFICACIÓN DECIMAL UNIVERSAL
Número de la Clasificación Decimal Universal 913(64)
100 1# - ENTRADA PRINCIPAL--NOMBRE DE PERSONA
Nombre de persona Muro, Ángel,
Fechas asociadas al nombre 1839-1897
9 (RLIN) 149854
245 10 - MENCIÓN DEL TÍTULO
Título Ocho días en Tánger
Resto del título : impresiones de un viaje agradable y corto de cuatro buenos amigos, sin equipaje /
Mención de responsabilidad, etc. por Ángel Muro.
260 ## - PUBLICACIÓN, DISTRIBUCIÓN, ETC.
Lugar de publicación, distribución, etc. Madrid :
Nombre del editor, distribuidor, etc. [s.n.],
Fecha de publicación, distribución, etc. 1891 (
Fabricante Tipografía de los Huérfanos)
300 ## - DESCRIPCIÓN FÍSICA
Extensión 63 p. ;
Dimensiones 18 cm.
530 ## - NOTA DISPONIBLE DE FORMULARIO FÍSICO ADICIONAL
Nota de formato físico adicional disponible Disponible también en sitio web.
651 #4 - PUNTO DE ACCESO ADICIONAL DE MATERIA--NOMBRE GEOGRÁFICO
Nombre geográfico Tánger-
Subdivisión general Descripción.
9 (RLIN) 147872
852 ## - LOCALIZACIÓN
Ubicación ES-MaACL
Número de control de estantería T-643-F-11
Nota libre -- Enc. hol., conservando la cub. original
-- -- An. ms.: ded. del autor a Escobar y Laredo
-- -- Enc. en un vol. facticio
856 ## - LOCALIZACIÓN Y ACCESO ELECTRÓNICOS
Identificador Uniforme de Recursos <a href="http://bibliotecadigitalhispanica.bne.es:80/webclient/DeliveryManager?pid=1837735&custom_att_2=simple_viewer">http://bibliotecadigitalhispanica.bne.es:80/webclient/DeliveryManager?pid=1837735&custom_att_2=simple_viewer</a>
Nota pública Ir a la página
Holdings
Estatus retirado Estado de pérdida Estado de daño No para préstamo Colección Biblioteca de origen Biblioteca actual Ubicación en estantería Fecha de adquisición Total de préstamos Signatura topográfica completa Código de barras Visto por última vez Precio de reemplazo Tipo de ítem Koha
        Colección de folletos Biblioteca del Ateneo de Madrid Biblioteca del Ateneo de Madrid Depósito folletos 17/01/2008   T-643-F-11 1167972 23/02/2023 23/02/2023 Folleto